Tottenham's Ideal Starting 11 - Statistics

General Stats
  • This quiz has been taken 550 times
  • The average score is 9 of 11
Answer Stats
Position Player % Correct
ST Kane
98%
GK Lloris
97%
RW Son
93%
CAM Alli
79%
LB Rose
77%
CB Vertonghen
77%
LW Eriksen
76%
CB Alderweireld
71%
RB Trippier
71%
CM Dembele
66%
CM Wanyama
52%
No matching quizzes found
Score Distribution
Percent of People with Each Score
Percentile by Number Answered
Your Score History
You have not taken this quiz